00693nam a2200205Ia 4500008004000000020001800040041000800058082001900066100002300085245002400108260005000132300001200182650001100194650001700205690002400222700002100246906001100267999001900278952019000297210210b2011 xxu||||| |||| 00| 0 eng d a9788126147212 aeng a321.80954 KUMI aKUMAR (K R Mahesh) aIndian constitution aNew DelhibAnmol Publications Pvt. Ltd.c2011 avii,507 aIndian aconstitution aIndian Constitution aTYAGARAJAN (R V) a066853 c149310d149310 001040708Political ScienceaALbALcPolitical Scienced2021-02-17ePrajwal Book Distributors, Bangalore-560061g750.00l0o321.80954 KUMIp066853r2021-02-17 00:00:00w2021-02-17yBK